Devises des régions de France - Statistiques

Statistiques générales
  • Ce quiz a été pris 107 fois
  • Le résultat moyen est 2 sur 10
Statistiques - réponses
Devise Région % Correct
Plutôt la mort que la souillure Bretagne
73%
Comtois, rends-toi ! Nenni, ma foi ! Franche-Comté
49%
Souvent conquise, jamais soumise Corse
27%
Qui s'y frotte s'y pique Lorraine
26%
Moult me tarde! Bourgogne
22%
Que Dieu me vienne en aide Normandie
16%
Fidelissima Picardie
9%
Les 7 provinces ne font qu'une Pays basque
5%
Passavant Champagne
3%
FERT Savoie
2%
Aucun quiz correspondant
Distribution des résultats
% des personnes avec chaque résultat
Percentile par nombre de réponses
Votre historique - résultats
Vous n’avez pas pris ce quiz